Normal view
MARC view
- Kanza Shoaib
Entry Personal Name
001 - CONTROL NUMBER
- control field: 15537
003 - CONTROL NUMBER IDENTIFIER
- control field: NUST
005 - DATE AND TIME OF LATEST TRANSACTION
- control field: 20190625100714.0
008 - FIXED-LENGTH DATA ELEMENTS
- fixed length control field: 190625|| aca||aabn | a|a d
040 ## - CATALOGING SOURCE
- Original cataloging agency: NUST
- Transcribing agency: NUST
100 ## - HEADING--PERSONAL NAME
- Personal name: Kanza Shoaib
670 ## - SOURCE DATA FOUND
- Source citation: Work cat.: (NUST): Kanza Shoaib, DYNAMIC RESPONSE OF BOLTED JOINTS UNDER HARMONIC EXCITATIONS /, 2014.
